| 000 | 00407nam a22001097a 4500 | ||
|---|---|---|---|
| 008 | 230612b xxu||||| |||| 00| 0 eng d | ||
| 082 |
_a352.4908 _bKEN |
||
| 245 | _aThe Report of the Controller and Auditor-General Together with the Appropriation Accounts Other Public Accounts and the Accounts of the Funds for the Year 2006/2007 | ||
| 260 |
_aNairobi,Kenya _bGOK _c2006 |
||
| 300 | _aVII,665p | ||
| 942 |
_2ddc _cBK |
||
| 999 |
_c1120 _d1120 |
||